La estela de Góngora / (Record no. 82232)

MARC details
000 -LEADER
campo de control de longitud fija 00872nam a2200253 i 4500
001 - NÚMERO DE CONTROL
campo de control 82232
003 - IDENTIFICADOR DE NÚMERO DE CONTROL
campo de control ES-MaACL
005 - FECHA Y HORA DE LA ÚLTIMA TRANSACCIÓN
campo de control 20231205193248.0
007 - CAMPO FIJO DE DESCRIPCIÓN FÍSICA--INFORMACIÓN GENERAL
campo de control de longitud fija t|
008 - DATOS DE LONGITUD FIJA--INFORMACIÓN GENERAL
campo de control de longitud fija 041201s2003 sp |||| | spa d
020 ## - NÚMERO INTERNACIONAL ESTÁNDAR DEL LIBRO
Número Internacional Estándar del Libro 84-8102-328-0
080 ## - NÚMERO DE LA CLASIFICACIÓN DECIMAL UNIVERSAL
Número de la Clasificación Decimal Universal 821.134.2-14.09
080 ## - NÚMERO DE LA CLASIFICACIÓN DECIMAL UNIVERSAL
Número de la Clasificación Decimal Universal 821.134.2 Góngora y Argote, Luis de 1.07
100 1# - ENTRADA PRINCIPAL--NOMBRE DE PERSONA
Nombre de persona Diego, Gerardo,
Fechas asociadas al nombre 1896-1987
9 (RLIN) 44545
245 13 - MENCIÓN DEL TÍTULO
Título La estela de Góngora /
Mención de responsabilidad, etc. Gerardo Diego ; estudio preliminar Julio Neira.
260 ## - PUBLICACIÓN, DISTRIBUCIÓN, ETC.
Lugar de publicación, distribución, etc. Santander :
Nombre del editor, distribuidor, etc. Servicio de Publicaciones, Universidad de Cantabria,
Fecha de publicación, distribución, etc. 2003.
300 ## - DESCRIPCIÓN FÍSICA
Extensión 228 p. ;
Dimensiones 19 cm.
600 14 - PUNTO DE ACCESO ADICIONAL DE MATERIA--NOMBRE DE PERSONA
Nombre de persona Góngora y Argote, Luis de-
Subdivisión general Influencia.
9 (RLIN) 147418
650 #4 - PUNTO DE ACCESO ADICIONAL DE MATERIA--TÉRMINO DE MATERIA
Término de materia o nombre geográfico como elemento de entrada Poesía lírica española-
Subdivisión general Historia y crítica.
9 (RLIN) 16193
700 1# - ENTRADA AGREGADA--NOMBRE PERSONAL
Nombre de persona Neira, Julio.
9 (RLIN) 85341
710 2# - ENTRADA AGREGADA--NOMBRE DE ENTIDAD CORPORATIVA
Nombre de entidad corporativa o nombre de jurisdicción como elemento de entrada Universidad de Cantabria.
9 (RLIN) 7160
852 ## - LOCALIZACIÓN
Ubicación ES-MaACL
Número de control de estantería L-28548
Holdings
Estatus retirado Estado de pérdida Estado de daño No para préstamo Biblioteca de origen Biblioteca actual Ubicación en estantería Fecha de adquisición Fuente de adquisición Total de préstamos Signatura topográfica completa Código de barras Visto por última vez Precio de reemplazo Tipo de ítem Koha
        Biblioteca del Ateneo de Madrid Biblioteca del Ateneo de Madrid Depósito 2 17/01/2008     L-28548 1085944 23/02/2023 23/02/2023 Libro impreso